Lịch sử tư tưởng Việt Nam. t.III, thời Lý /

में बचाया:
ग्रंथसूची विवरण
मुख्य लेखक: Nguyễn Đăng Thục.
स्वरूप: Sách giấy
भाषा:Vietnamese
प्रकाशित: TP. HCM : Nxb. TP. HCM, 1998.
संस्करण:In lần thứ hai
विषय:
टैग : टैग जोड़ें
कोई टैग नहीं, इस रिकॉर्ड को टैग करने वाले पहले व्यक्ति बनें!
Thư viện lưu trữ: Thư viện Trường Đại học Đà Lạt
LEADER 00814nam a2200325 4500
001 DLU110124507
005 ##20110907
040 # # |a DLU  |b vie 
041 # # |a vie 
044 # # |a vn 
082 # # |a 181.197  |b NG-T 
100 # # |a Nguyễn Đăng Thục. 
245 # # |a Lịch sử tư tưởng Việt Nam.  |n t.III,  |p thời Lý /  |c Nguyễn Đăng Thục. 
250 # # |a In lần thứ hai 
260 # # |a TP. HCM :  |b Nxb. TP. HCM,  |c 1998. 
300 # # |a 348 tr. ;  |c 19 cm. 
650 # # |a Triết học và văn minh. 
650 # # |a Triết học Việt Nam. 
923 # # |a 01/2011CP 
990 # # |a t.III 
991 # # |a GT 
992 # # |a 30000 
994 # # |a KCP 
900 # # |a True 
911 # # |a Đào Thị Thu Huyền 
925 # # |a G 
926 # # |a A 
927 # # |a SH 
980 # # |a Thư viện Trường Đại học Đà Lạt